Leading a spiritual life / (Record no. 175130)

MARC details
000 -LEADER
fixed length control field 00806nam a22002177a 4500
005 - DATE AND TIME OF LATEST TRANSACTION
control field 20200810115657.0
010 ## - LCCN (DPL NO)
LC control number B-732618
020 ## - INTERNATIONAL STANDARD BOOK NUMBER
International Standard Book Number 9789351791515
Terms of availability 125.00
035 ## - SYSTEM CONTROL NUMBER
System control number B-732618
037 ## - SOURCE OF ACQUISITION
Source of stock number/acquisition DBAD/PUB
Stock number dpl
082 ## - DEWEY DECIMAL CLASSIFICATION NUMBER
Classification number 204
100 ## - MAIN ENTRY--PERSONAL NAME
Personal name Wahiduddin Khan
245 ## - TITLE STATEMENT
Title Leading a spiritual life /
Statement of responsibility, etc by Wahiduddin Khan ; edited by Maria Khan
260 ## - PUBLICATION, DISTRIBUTION, ETC. (IMPRINT)
Place of publication, distribution, etc New Delhi
Name of publisher, distributor, etc Goodword Books
Date of publication, distribution, etc 2019
270 ## - ADDRESS
Address 1, Nizamuddin West Market
City New Delhi
Postal code 110013
300 ## - PHYSICAL DESCRIPTION
Extent 391p.
Dimensions 19cm(pbk)
500 ## - GENERAL NOTE
General note A spiritual person is like the flowers that can live with fragrance in the neighbourhood of thorns
700 ## - ADDED ENTRY--PERSONAL NAME
Personal name Maria Khan
942 ## - ADDED ENTRY ELEMENTS (KOHA)
Source of classification or shelving scheme Dewey Decimal Classification
Item type English Books
Classification part 204
Call number suffix WAH
Holdings
Withdrawn status Lost status Not for loan Collection code Home library Current library Date acquired Source of acquisition Cost, normal purchase price Full call number Barcode Copy number Cost, replacement price Koha item type
      Non-fiction Central Library Central Library 10/08/2020 Gift/Eng/27.02.2020 125.00 204 WAH B-732618 1 125.00 English Books

© Delhi Public Library
Hit Counter
free hit counter